000 00987nam a2200289 a 4500
001 53700
003 BD-RjUL
005 20211209080014.0
008 161023s1982 coua b 001 0 eng
020 _a0865315493
020 _a086531554X (pbk.)
035 _a(BD-RjUL)53822
040 _aDLC
_cDLC
_dDLC
_dBD-RjUL
_beng
041 _aeng
082 0 0 _223
_a355.033573
_bCOU 1982
100 1 _aCollins, John M.,
_d1921-
_9160469
245 1 0 _aU.S. defense planning :
_ba critique /
_cJohn M. Collins ; Elizabeth Ann Severns and Thomas P. Glakas, research assistants.
260 _aBoulder, Colo. :
_bWestview Press,
_c1982.
300 _axiv, 337 p. :
_bill. ;
_c24 cm.
504 _aIncludes bibliographical references and index.
650 0 _aMilitary planning
_zUnited States.
_9160470
651 0 _aUnited States
_xMilitary policy.
_9125598
700 1 _aSeverns, Elizabeth Ann.
_9160471
700 1 _aGlakas, Thomas P.
_9160472
942 _2ddc
_cBK
999 _c53700
_d53700